LIBRARY & INFORMATION CENTRE, KCAET, TAVANUR

ONLINE PUBLIC ACCESS CATALOGUE (OPAC)

Epic of man / (Record no. 2913)

MARC details
000 -LEADER
fixed length control field 00421cam a2200181ua 4500
041 ## - LANGUAGE CODE
Language code of text/sound track or separate title eng
082 ## - DEWEY DECIMAL CLASSIFICATION NUMBER
Classification number 301
Item number ROS/EP
100 ## - MAIN ENTRY--AUTHOR NAME
Personal name Ross, norman P .
245 ## - TITLE STATEMENT
Title Epic of man /
250 ## - EDITION STATEMENT
Edition statement 1 /
260 ## - PUBLICATION, DISTRIBUTION, ETC. (IMPRINT)
Place of publication Nederland :
Name of publisher Time life international ,
Year of publication 1962.
300 ## - PHYSICAL DESCRIPTION
Number of Pages 305 ; .
942 ## - ADDED ENTRY ELEMENTS (KOHA)
Koha item type Books
Holdings
Withdrawn status Lost status Damaged status Home library Current library Date acquired Full call number Accession Number Koha item type
Withdrawn     KAUAET Malayalam University 07/04/2012 301 3999 Reference
free website counter